[Event "Montevideo Duchamp Cup 7th"]
[Site "Montevideo"]
[Date "2024.02.03"]
[Round "3"]
[White "Vassallo, Mariano"]
[Black "Bauza, Alejandro"]
[Result "0-1"]
[WhiteElo "1726"]
[BlackElo "2180"]
[PlyCount "102"]
[EventDate "2024.02.01"]
[EventType "swiss"]
[EventRounds "9"]
[EventCountry "URU"]
[SourceTitle "CB07_2024"]
[SourceDate "2024.02.14"]
[SourceVersion "1"]
[SourceVersionDate "2024.02.14"]
[SourceQuality "1"]

1. e4 c6 2. d4 d5 3. exd5 cxd5 4. c4 Nf6 5. Nc3 g6 6. Nf3 Bg7 7. Be2 0-0 8. 0-0 Nc6 9. Re1 Bf5 10. Be3 dxc4 11. Bxc4 Rc8 12. Be2 Nd5 13. Rc1 Nxe3 14. fxe3 Bh6 15. Bd3 Bg4 16. h3 Bxf3 17. Qxf3 e5 18. d5 Nb4 19. Rcd1 f5 20. Bb1 e4 21. Qe2 Qb6 22. a3 Na6 23. Kh1 Nc5 24. Nb5 Bg7 25. Nd4 Bxd4 26. Rxd4 Qd6 27. b4 Nd7 28. Red1 Rc3 29. Rc4 Rxa3 30. Rdc1 Ne5 31. Rc7 Rf7 32. Rc8+ Kg7 33. Qb2 Rxe3 34. Re8 Kf6 35. Ba2 Re7 36. Rf8+ Kg7 37. Rfc8 g5 38. Bb3 Kh6 39. Qc2 Nd3 40. Rf1 Nf4 41. Bc4 Rc7 42. Rxc7 Qxc7 43. Qa2 Nh5 44. Rb1 Rc3 45. Bb5 Ng3+ 46. Kg1 Qb6+ 47. Kh2 Qxb5 48. Qb2 Qd3 49. Rc1 Ne2 50. Rxc3 Nxc3 51. d6 Qxd6+ 0-1

[Event "Florianopolis op 10th"]
[Site "Florianopolis"]
[Date "2024.01.21"]
[Round "2"]
[White "Bauza, Alejandro"]
[Black "Eger, Laura Luisa"]
[Result "1/2-1/2"]
[WhiteElo "2205"]
[BlackElo "1848"]
[PlyCount "76"]
[EventDate "2024.01.20"]
[EventType "swiss"]
[EventRounds "10"]
[EventCountry "BRA"]
[SourceTitle "CB05_2024"]
[SourceDate "2024.01.31"]
[SourceVersion "1"]
[SourceVersionDate "2024.01.31"]
[SourceQuality "1"]

1. Nf3 d5 2. g3 Nf6 3. Bg2 Bf5 4. c4 c6 5. cxd5 cxd5 6. Qb3 Qc8 7. Nc3 e6 8. d3 Nc6 9. 0-0 h6 10. Bf4 Be7 11. Rac1 0-0 12. Nb5 g5 13. Bd6 Qd7 14. Ne5 Qd8 15. Rxc6 a6 16. Bxe7 Qxe7 17. Rc7 Qd8 18. Rxb7 axb5 19. Nc6 Qd6 20. Ne7+ Kg7 21. Nxf5+ exf5 22. Rxb5 Qe5 23. e3 Rfb8 24. d4 Qe8 25. Rxb8 Rxb8 26. Qc2 Qb5 27. b3 Qa6 28. a4 f4 29. Rc1 fxe3 30. fxe3 Qb7 31. a5 Ng4 32. Qf5 Qxb3 33. Re1 Qc3 34. Rf1 Qxe3+ 35. Kh1 Qe6 36. Qxd5 Nf2+ 37. Kg1 Nh3+ 38. Kh1 Nf2+ 1/2-1/2

[Event "Dos Hermanas Internet qual-E 10th"]
[Site "ICC INT"]
[Date "2009.03.15"]
[Round "6"]
[White "Vargas, Gabriela"]
[Black "Bauza, Alejandro"]
[Result "1-0"]
[WhiteElo "2108"]
[BlackElo "2205"]
[PlyCount "115"]
[EventDate "2009.03.15"]
[EventType "swiss (blitz)"]
[EventRounds "12"]
[EventCountry "ESP"]
[SourceTitle "CBM 129 Extra"]
[Source "ChessBase"]
[SourceDate "2009.05.05"]
[SourceVersion "2"]
[SourceVersionDate "2009.05.20"]
[SourceQuality "1"]

1. d4 Nf6 2. c4 c5 3. d5 e5 4. Nc3 d6 5. e4 Be7 6. Nge2 0-0 7. f3 a6 8. g4 Nbd7 9. Ng3 Ne8 10. Bd3 Bg5 11. Bxg5 Qxg5 12. Qd2 Qxd2+ 13. Kxd2 g6 14. h4 Nc7 15. h5 Kg7 16. hxg6 hxg6 17. Rh2 Rh8 18. Rah1 Rxh2+ 19. Rxh2 b5 20. cxb5 axb5 21. Nxb5 Nxb5 22. Bxb5 Rxa2 23. Kc3 Nb6 24. Ne2 Ra1 25. Kc2 Rf1 26. Nd4 Re1 27. Nc6 Re3 28. Rf2 Re1 29. Re2 Rh1 30. Ne7 Bb7 31. Bc6 Ba6 32. Rf2 Nc4 33. b3 Ne3+ 34. Kd2 Nd1 35. Rg2 c4 36. bxc4 Bxc4 37. Nc8 Ba6 38. Nxd6 Nb2 39. Bb5 Bxb5 40. Nxb5 Nc4+ 41. Kc3 Ne3 42. Rd2 Rc1+ 43. Kb4 Rb1+ 44. Kc5 Kf6 45. Kc6 Nc4 46. Rc2 Na5+ 47. Kb6 Nb7 48. Rc6+ Kg7 49. Kxb7 Rxb5+ 50. Kc7 Rb3 51. d6 Rd3 52. d7 g5 53. d8Q Rxd8 54. Kxd8 f6 55. Ke7 Kg6 56. Rxf6+ Kg7 57. Ke6 Kh7 58. Kxe5 1-0

[Event "Dos Hermanas Internet qual-D 10th"]
[Site "ICC INT"]
[Date "2009.03.14"]
[Round "2"]
[White "Bauza, Alejandro"]
[Black "Bassan, Remo"]
[Result "1-0"]
[WhiteElo "2205"]
[BlackElo "2179"]
[PlyCount "123"]
[EventDate "2009.03.14"]
[EventType "swiss (blitz)"]
[EventRounds "12"]
[EventCountry "ESP"]
[SourceTitle "EXT 2010"]
[Source "ChessBase"]
[SourceDate "2010.11.25"]
[SourceVersion "1"]
[SourceVersionDate "2010.11.25"]
[SourceQuality "1"]

1. Nf3 Nf6 2. g3 g6 3. b3 Bg7 4. Bb2 d5 5. c4 dxc4 6. bxc4 c5 7. Bg2 0-0 8. 0-0 Nc6 9. d3 Re8 10. Ne5 Bd7 11. Nxc6 Bxc6 12. Bxc6 bxc6 13. Nd2 e5 14. Qa4 Qc7 15. Rab1 e4 16. Bxf6 Bxf6 17. Nxe4 Bd4 18. e3 Bg7 19. Nxc5 Qd6 20. d4 h5 21. Rb7 h4 22. Qc2 hxg3 23. hxg3 Re7 24. Rxe7 Qxe7 25. Qe4 Qd6 26. Kg2 Kf8 27. Rb1 Re8 28. Qf3 Kg8 29. Rb7 Rf8 30. Rxa7 Bxd4 31. exd4 Qxd4 32. Qe3 Qxc4 33. Ne4 Rd8 34. Nf6+ Kg7 35. Qe5 Kh6 36. Ra5 Rd1 37. Qg5+ Kg7 38. Nh5+ Kf8 39. Nf4 Qf1+ 40. Kf3 Qh1+ 41. Kg4 Rd5 42. Rxd5 f5+ 43. Rxf5+ gxf5+ 44. Qxf5+ Ke8 45. Qe6+ Kd8 46. Ng6 Qd1+ 47. f3 Kc7 48. Ne5 Qd4+ 49. f4 Qc5 50. Qxc6+ Qxc6 51. Nxc6 Kxc6 52. Kf5 Kd5 53. g4 Kd6 54. g5 Ke7 55. a4 Kf8 56. a5 Kg7 57. a6 Kf7 58. a7 Ke7 59. a8Q Kf7 60. Qb7+ Kg8 61. Kf6 Kf8 62. Qf7# 1-0

[Event "Dos Hermanas Internet qual-C 10th"]
[Site "ICC INT"]
[Date "2009.03.14"]
[Round "6"]
[White "Bauza, Alejandro"]
[Black "Mosquera Klinger, Miguel Alonso"]
[Result "1-0"]
[WhiteElo "2205"]
[BlackElo "2370"]
[PlyCount "117"]
[EventDate "2009.03.14"]
[EventType "swiss (blitz)"]
[EventRounds "12"]
[EventCountry "ESP"]
[SourceTitle "CBM 129 Extra"]
[Source "ChessBase"]
[SourceDate "2009.05.05"]
[SourceVersion "2"]
[SourceVersionDate "2009.05.20"]
[SourceQuality "1"]

1. Nf3 Nf6 2. g3 d5 3. Bg2 c5 4. 0-0 Nc6 5. d4 Bf5 6. c4 dxc4 7. dxc5 Qxd1 8. Rxd1 e6 9. Na3 Bxc5 10. Nxc4 Ke7 11. Be3 Bxe3 12. Nxe3 Be4 13. Rac1 Rhd8 14. a3 Rxd1+ 15. Nxd1 Rd8 16. Nc3 Bg6 17. Kf1 h6 18. Ke1 Ne4 19. Nh4 Nxc3 20. Nxg6+ fxg6 21. Rxc3 Rd6 22. Bxc6 bxc6 23. Rc5 Kf6 24. Ra5 Rd7 25. b4 e5 26. Ra6 Rc7 27. b5 Ke6 28. bxc6 Kd5 29. Kd2 g5 30. g4 Ke4 31. f3+ Kd4 32. Ra4+ Kc5 33. Ke3 Kb5 34. Re4 Rxc6 35. Rxe5+ Ka4 36. Re7 Ra6 37. Rxg7 Kxa3 38. Kd2 Kb3 39. Rb7+ Kc4 40. Kc2 Ra2+ 41. Rb2 Rxb2+ 42. Kxb2 Kd4 43. e4 Ke5 44. Kb3 Kf4 45. Kb4 Kxf3 46. e5 Kxg4 47. e6 Kh3 48. e7 Kxh2 49. e8Q Kg3 50. Qh5 g4 51. Qxh6 Kf3 52. Kc3 g3 53. Kd3 g2 54. Qe3+ Kg4 55. Qxa7 Kh3 56. Qg1 Kg3 57. Ke3 Kh3 58. Kf4 Kh4 59. Qh2# 1-0

[Event "Dos Hermanas Internet qual-D 10th"]
[Site "ICC INT"]
[Date "2009.03.14"]
[Round "3"]
[White "Burgos Figueroa, Carlos Ernesto"]
[Black "Bauza, Alejandro"]
[Result "1-0"]
[WhiteElo "2263"]
[BlackElo "2205"]
[PlyCount "101"]
[EventDate "2009.03.14"]
[EventType "swiss (blitz)"]
[EventRounds "12"]
[EventCountry "ESP"]
[SourceTitle "EXT 2010"]
[Source "ChessBase"]
[SourceDate "2010.11.25"]
[SourceVersion "1"]
[SourceVersionDate "2010.11.25"]
[SourceQuality "1"]

1. e4 c6 2. d4 d5 3. exd5 cxd5 4. Bd3 Nc6 5. c3 Nf6 6. f4 g6 7. Nf3 Bg7 8. 0-0 0-0 9. Nbd2 Bf5 10. Qe2 Bxd3 11. Qxd3 e6 12. Ne5 Rc8 13. Ndf3 Ne4 14. Be3 Nxe5 15. fxe5 a6 16. Rae1 Qb6 17. Re2 Qb5 18. Qxb5 axb5 19. a3 Rc7 20. Nd2 Nxd2 21. Bxd2 Rd7 22. Ref2 h6 23. g4 Rc8 24. Rf3 Rc6 25. Rh3 Kh7 26. Bxh6 Bxh6 27. g5 Kg7 28. Rxh6 Rc8 29. Rf3 Rh8 30. Rxh8 Kxh8 31. Rf1 Kg7 32. Ra1 b6 33. a4 Ra7 34. b3 Kf8 35. Kf2 Ke7 36. Ke2 Kd7 37. Kd3 bxa4 38. Rxa4 Rxa4 39. bxa4 Kc6 40. c4 dxc4+ 41. Kxc4 Kc7 42. d5 exd5+ 43. Kxd5 Kd7 44. h3 Kc7 45. e6 fxe6+ 46. Kxe6 Kc6 47. Kf6 Kc5 48. Kxg6 Kb4 49. Kf7 Kxa4 50. g6 b5 51. g7 1-0

[Event "URU-ch prel-A"]
[Site "Montevideo"]
[Date "2008.04.25"]
[Round "9"]
[White "Saralegui Cassan, Mario"]
[Black "Bauza, Alejandro"]
[Result "0-1"]
[WhiteElo "2199"]
[BlackElo "2196"]
[PlyCount "100"]
[EventDate "2008.04.07"]
[EventType "swiss"]
[EventRounds "9"]
[EventCountry "URU"]
[SourceTitle "EXT 2022"]
[Source "ChessBase"]
[SourceDate "2021.10.06"]
[SourceVersion "1"]
[SourceVersionDate "2021.10.06"]
[SourceQuality "1"]

1. d4 Nf6 2. c4 e6 3. Nf3 d5 4. Nc3 Be7 5. Bg5 0-0 6. e3 Nbd7 7. Rc1 c6 8. Bd3 dxc4 9. Bxc4 Nd5 10. Bxe7 Qxe7 11. Ne4 N5f6 12. Nxf6+ Qxf6 13. 0-0 e5 14. e4 exd4 15. Qxd4 Qxd4 16. Nxd4 Re8 17. f3 Ne5 18. Be2 g5 19. Rfd1 Be6 20. b3 Rad8 21. Nxe6 fxe6 22. Kf2 Kg7 23. Ke3 Ng6 24. g3 e5 25. b4 Kf6 26. b5 Rxd1 27. Rxd1 Ke7 28. bxc6 bxc6 29. Rb1 Kd6 30. Bf1 Kc7 31. Bh3 Ne7 32. Rb3 Nc8 33. Ra3 Kb7 34. Bxc8+ Rxc8 35. Ra5 c5 36. Ra3 c4 37. Kd2 Kb6 38. Ra4 a5 39. Ra3 Kb5 40. Re3 Kb4 41. Kc2 a4 42. Re1 Rf8 43. Rf1 a3 44. Rf2 c3 45. f4 gxf4 46. Rf3 h5 47. Rxc3 f3 48. Rb3+ Kc4 49. Rb1 f2 50. Rf1 Rb8 0-1

[Event "URU-ch prel-A"]
[Site "Montevideo"]
[Date "2008.04.18"]
[Round "6"]
[White "Bauza, Alejandro"]
[Black "Belistri, Ubaldo"]
[Result "1/2-1/2"]
[WhiteElo "2196"]
[BlackElo "2062"]
[PlyCount "41"]
[EventDate "2008.04.07"]
[EventType "swiss"]
[EventRounds "9"]
[EventCountry "URU"]
[SourceTitle "EXT 2022"]
[Source "ChessBase"]
[SourceDate "2021.10.06"]
[SourceVersion "1"]
[SourceVersionDate "2021.10.06"]
[SourceQuality "1"]

1. Nf3 d5 2. g3 Nf6 3. Bg2 e6 4. 0-0 c5 5. d3 Nc6 6. Nbd2 Be7 7. e4 dxe4 8. dxe4 e5 9. c3 Be6 10. Ng5 Bc8 11. Qe2 h6 12. Ngf3 Be6 13. Rd1 Qc7 14. Nf1 0-0 15. N3d2 Rad8 16. Ne3 Rfe8 17. Re1 Bf8 18. Qf3 Rd7 19. Nf5 Qd8 20. Nf1 Kh7 21. N1e3 1/2-1/2

[Event "URU-ch"]
[Site "Montevideo"]
[Date "2007.06.08"]
[Round "9"]
[White "Curi, Gabriel"]
[Black "Bauza, Alejandro"]
[Result "1/2-1/2"]
[WhiteElo "2278"]
[BlackElo "2220"]
[PlyCount "51"]
[EventDate "2007.06.01"]
[EventType "tourn"]
[EventRounds "11"]
[EventCountry "URU"]
[SourceTitle "CBM 118 Extra"]
[Source "ChessBase"]
[SourceDate "2007.07.04"]
[SourceVersion "1"]
[SourceVersionDate "2007.07.04"]
[SourceQuality "1"]

1. e4 c6 2. f4 d5 3. e5 Bf5 4. Be2 e6 5. Nf3 c5 6. c3 Nc6 7. d3 h5 8. 0-0 Qb6 9. Na3 Bxd3 10. Bxd3 c4+ 11. Kh1 cxd3 12. Qxd3 Nh6 13. Be3 Bc5 14. Bxc5 Qxc5 15. Nb5 0-0-0 16. b4 Qb6 17. Nfd4 Nxd4 18. Nxd4 g6 19. a4 Nf5 20. a5 Qc7 21. a6 Qc4 22. axb7+ Kxb7 23. Qd2 Rd7 24. Nxf5 gxf5 25. Qf2 Kb8 26. Ra3 1/2-1/2

[Event "URU-ch"]
[Site "Montevideo"]
[Date "2007.06.07"]
[Round "8"]
[White "Bauza, Alejandro"]
[Black "Carvalho, Guillermo"]
[Result "0-1"]
[WhiteElo "2220"]
[BlackElo "2255"]
[PlyCount "82"]
[EventDate "2007.06.01"]
[EventType "tourn"]
[EventRounds "11"]
[EventCountry "URU"]
[SourceTitle "CBM 118 Extra"]
[Source "ChessBase"]
[SourceDate "2007.07.04"]
[SourceVersion "1"]
[SourceVersionDate "2007.07.04"]
[SourceQuality "1"]

1. c4 e5 2. Nc3 Nc6 3. g3 Bc5 4. Bg2 Nge7 5. a3 a5 6. e3 d6 7. Nge2 0-0 8. 0-0 Bb6 9. b3 f5 10. d4 f4 11. gxf4 exd4 12. Nd5 Ba7 13. Bb2 dxe3 14. fxe3 Bg4 15. Qd2 Nf5 16. Kh1 Qh4 17. Bf3 Rae8 18. Bxg4 Qxg4 19. Rf2 Rxe3 20. Nxe3 Bxe3 21. Qd5+ Rf7 22. Rg1 Qh4 23. Rfg2 Bxg1 24. Nxg1 Qxf4 25. Nh3 Qf1+ 26. Ng1 Kf8 27. Qe4 Re7 28. Qc2 g6 29. Rf2 Qe1 30. Bf6 Re6 31. Re2 Rxe2 32. Qxe2 Qxe2 33. Nxe2 Kf7 34. Bc3 Ne3 35. Nf4 b6 36. Kg1 g5 37. Ne2 Kg6 38. Bd2 Nc2 39. Bc1 N6d4 40. Nc3 Nxb3 41. Be3 Nxe3 0-1

[Event "URU-ch"]
[Site "Montevideo"]
[Date "2007.06.06"]
[Round "7"]
[White "Roselli Mailhe, Bernardo"]
[Black "Bauza, Alejandro"]
[Result "1/2-1/2"]
[WhiteElo "2419"]
[BlackElo "2220"]
[PlyCount "130"]
[EventDate "2007.06.01"]
[EventType "tourn"]
[EventRounds "11"]
[EventCountry "URU"]
[SourceTitle "CBM 118 Extra"]
[Source "ChessBase"]
[SourceDate "2007.07.04"]
[SourceVersion "1"]
[SourceVersionDate "2007.07.04"]
[SourceQuality "1"]

1. d4 Nf6 2. c4 e6 3. Nf3 d5 4. Nc3 Be7 5. Bg5 h6 6. Bh4 0-0 7. Rc1 b6 8. cxd5 Nxd5 9. Nxd5 exd5 10. Bxe7 Qxe7 11. g3 Be6 12. Bg2 c5 13. dxc5 bxc5 14. 0-0 Nd7 15. Qa4 Rfd8 16. Qa3 Kf8 17. Rfd1 c4 18. Qxe7+ Kxe7 19. Rd2 a5 20. Nd4 Ra6 21. e4 dxe4 22. Bxe4 Nc5 23. Nc6+ Rxc6 24. Bxc6 Nd3 25. Rc3 Nb4 26. Bf3 Nxa2 27. Ra3 Nc1 28. Rxa5 Nd3 29. Ra7+ Kf6 30. Rb7 Rc8 31. Rb6 Ne5 32. Be4 c3 33. Rc2 Nc4 34. Rxe6+ Kxe6 35. Rxc3 Ke5 36. Bb7 Rb8 37. Rxc4 Rxb7 38. Rc2 Ke4 39. Rd2 g5 40. Kf1 g4 41. Ke2 Rb3 42. Kd1 Kf3 43. Kc2 Rb7 44. Rd4 h5 45. Rf4+ Kg2 46. b4 Kxh2 47. Kb3 h4 48. gxh4 g3 49. fxg3 Kxg3 50. Rf1 Kxh4 51. Kc4 Kg4 52. Rg1+ Kh5 53. Rg7 Kh6 54. Rg8 f5 55. b5 f4 56. Kc5 Rf7 57. b6 f3 58. Rg1 Kh5 59. Kc6 Kh4 60. b7 Rxb7 61. Kxb7 f2 62. Ra1 Kg3 63. Kc6 Kg2 64. Kd5 f1Q 65. Rxf1 Kxf1 1/2-1/2

[Event "URU-ch"]
[Site "Montevideo"]
[Date "2007.06.05"]
[Round "6"]
[White "Bauza, Alejandro"]
[Black "Izquierdo, Daniel"]
[Result "1/2-1/2"]
[WhiteElo "2220"]
[BlackElo "2338"]
[PlyCount "90"]
[EventDate "2007.06.01"]
[EventType "tourn"]
[EventRounds "11"]
[EventCountry "URU"]
[SourceTitle "CBM 118 Extra"]
[Source "ChessBase"]
[SourceDate "2007.07.04"]
[SourceVersion "1"]
[SourceVersionDate "2007.07.04"]
[SourceQuality "1"]

1. Nf3 Nf6 2. c4 g6 3. Nc3 Bg7 4. e4 d6 5. d4 0-0 6. Be2 e5 7. dxe5 dxe5 8. Qxd8 Rxd8 9. Bg5 c6 10. Nxe5 Na6 11. Nd3 h6 12. Bxf6 Bxf6 13. e5 Bg7 14. Ne4 Bf5 15. f3 Bxe4 16. fxe4 Rd4 17. e6 fxe6 18. 0-0 Rxe4 19. Rae1 Rd8 20. Rf3 Nc5 21. Nxc5 Bd4+ 22. Kf1 Bxc5 23. Bd3 Rxe1+ 24. Kxe1 Kg7 25. Ke2 g5 26. h3 h5 27. Rg3 Be7 28. Re3 Kf6 29. Rf3+ Ke5 30. Bg6 h4 31. Rd3 Rd4 32. Re3+ Kf6 33. Bd3 Bc5 34. Rf3+ Ke7 35. Re3 Kf6 36. Rf3+ Kg7 37. Re3 Kf6 38. Rf3+ Ke7 39. Re3 Bd6 40. Bf5 e5 41. Re4 Kf6 42. Rxd4 exd4 43. Bd3 b5 44. cxb5 cxb5 45. b4 Bxb4 1/2-1/2

[Event "Montevideo Peon Negro op"]
[Site "Montevideo"]
[Date "2005.??.??"]
[Round "3"]
[White "Bauza, Alejandro"]
[Black "Martinez Olivera, Miguel"]
[Result "1-0"]
[WhiteElo "2227"]
[BlackElo "2089"]
[PlyCount "45"]
[EventDate "2005.??.??"]
[EventType "swiss"]
[EventRounds "7"]
[EventCountry "URU"]
[SourceTitle "EXT 2007"]
[Source "ChessBase"]
[SourceDate "2006.11.23"]
[SourceVersion "1"]
[SourceVersionDate "2006.11.23"]
[SourceQuality "1"]

1. d4 Nf6 2. c4 g6 3. g3 Bg7 4. Bg2 d6 5. Nf3 0-0 6. 0-0 c6 7. Nc3 a5 8. e4 Na6 9. Re1 Be6 10. Qe2 Qc7 11. h3 Rfd8 12. Be3 a4 13. Rac1 Qa5 14. d5 Bd7 15. e5 dxe5 16. Nxe5 Bc8 17. Bd2 cxd5 18. Nxf7 Bf5 19. Nxd5 Qc5 20. Nh6+ Bxh6 21. Bxh6 Re8 22. Nxf6+ exf6 23. Bd5+ 1-0

[Event "Montevideo Peon Negro op"]
[Site "Montevideo"]
[Date "2005.??.??"]
[Round "6"]
[White "Muniz, Rafael"]
[Black "Bauza, Alejandro"]
[Result "0-1"]
[WhiteElo "2200"]
[BlackElo "2227"]
[PlyCount "76"]
[EventDate "2005.??.??"]
[EventType "swiss"]
[EventRounds "7"]
[EventCountry "URU"]
[SourceTitle "EXT 2007"]
[Source "ChessBase"]
[SourceDate "2006.11.23"]
[SourceVersion "1"]
[SourceVersionDate "2006.11.23"]
[SourceQuality "1"]

1. e4 e6 2. d4 d5 3. Nc3 Bb4 4. e5 c5 5. a3 Bxc3+ 6. bxc3 Qc7 7. Qg4 Ne7 8. Qxg7 Rg8 9. Qxh7 cxd4 10. Ne2 Nbc6 11. f4 Bd7 12. Qd3 dxc3 13. Nxc3 a6 14. h4 Rc8 15. Rh3 Nf5 16. Rb1 Ncd4 17. h5 Nxc2+ 18. Qxc2 d4 19. Bd2 dxc3 20. Rxc3 Bc6 21. Bxa6 Qd8 22. Bf1 Qh4+ 23. Kd1 Qf2 24. Qd3 Rd8 25. Qe2 Qxf4 26. Rd3 Qa4+ 27. Ke1 Rxd3 28. Qxd3 Qh4+ 29. Kd1 Rg3 30. Qc4 Rg4 31. Qc5 Rd4 32. Rb4 Qf2 33. Rxd4 Nxd4 34. Qc4 b5 35. Qd3 b4 36. Be3 Ba4+ 37. Kc1 Nb3+ 38. Kb1 Qe1+ 0-1